000 00581nam a2200229Ia 4500
003 OSt
005 20220928145650.0
006 a|||||r|||| 00| 0
007 ta
008 220927b |||||||| |||| 00| 0 eng d
024 _a81680
037 _cTextual
040 _aSDCL
_cSDCL
_beng
041 _2eng
_aeng
082 _aX:8K, M2
100 _aDopuch Nicholas
_9513872
245 0 _aCost accounting
_b Accounting date for managements decisions.
250 _a3
260 _c1982
942 _hX:8K, M2
_cTEXL
_2CC
999 _c834527
_d834527